00919nam a22002057a 45000010008000000030009000080050017000170070008000340080039000420200018000810400022000991000035001212450095001562600058002513000030003095000131003395040027004705050183004977000033006802365414DO-SdBNP20180314125721.02365414160509b 20uu dr ||||| |||| 00| 0 spa d a9789945444225 aBPMSUbspacBPMSU 4Cuello del Orbe, Elisa Ysabel  aEducación sexual 8 /cElisa Ysabel Cuello del Orbe ; ilustraciones Ramón L. Sandoval  aSanto Domingo : bActuralidad escolar 2000, c[200?]  a64 p. : bil. ; c29 cm.  aEste libro ha sido realizado de acuerdo al curriculum vigente y ha sido sometido a la evaluación y aprobación de la SEE  aBibliografía : p. 64 tLos valores --tLa sexualidad --tLa adolescencia --tProblema potenciales en los adolescentes --tSomos iguales --tHay contactos que nos hacen sentir mal -- t Bibliografía.  a Sandoval, Ramón L. eil.